000 00583nam a2200193Ia 4500
005 20260120130032.0
008 008 260114s9999 xx 000 0 eng d
020 _a9780191845437
037 _aEBOOK
040 _aCRL
_beng
_cCRL
041 _aeng
_2eng
084 _qCRL
100 _aKoch
_9910262
245 0 _aPersonalizing the State: An Anthropology of Law, Politics, and Welfare in Austerity Britain
260 _bOUPOxford University Press
_c2019
856 _uhttp://dx.doi.org/10.1093/oso/9780198807513.001.0001
942 _cEBOOK
999 _c1502161
_d1502161